[Event "Wachtebeke-A"]
[Site "Wachtebeke"]
[Date "2024.02.14"]
[Round "7"]
[White "De Waele, Warre"]
[Black "Milliet, Sophie"]
[Result "1/2-1/2"]
[WhiteElo "2345"]
[BlackElo "2392"]
[PlyCount "30"]
[EventDate "2024.02.10"]
[EventType "tourn"]
[EventRounds "9"]
[EventCountry "BEL"]
[EventCategory "3"]
[SourceTitle "CB09_2024"]
[SourceDate "2024.02.28"]
[SourceVersion "1"]
[SourceVersionDate "2024.02.28"]
[SourceQuality "1"]

1. d4 Nf6 2. Nf3 d5 3. e3 a6 4. c4 e6 5. Nbd2 c5 6. dxc5 Bxc5 7. Bd3 dxc4 8. Bxc4 0-0 9. 0-0 Nc6 10. b3 b5 11. Be2 Bb7 12. Bb2 Be7 13. a3 Rc8 14. b4 a5 15. bxa5 Qxa5 1/2-1/2

[Event "Wachtebeke-A"]
[Site "Wachtebeke"]
[Date "2024.02.13"]
[Round "6"]
[White "Gloeckler, Christian"]
[Black "De Waele, Warre"]
[Result "1-0"]
[WhiteElo "2312"]
[BlackElo "2345"]
[PlyCount "81"]
[EventDate "2024.02.10"]
[EventType "tourn"]
[EventRounds "9"]
[EventCountry "BEL"]
[EventCategory "3"]
[SourceTitle "CB09_2024"]
[SourceDate "2024.02.28"]
[SourceVersion "1"]
[SourceVersionDate "2024.02.28"]
[SourceQuality "1"]

1. e4 e5 2. Nf3 Nc6 3. Bb5 a6 4. Ba4 Nf6 5. 0-0 Be7 6. Re1 b5 7. Bb3 0-0 8. h3 Bb7 9. d3 d5 10. exd5 Nxd5 11. Nbd2 Qd7 12. a4 f6 13. axb5 axb5 14. Rxa8 Rxa8 15. c3 b4 16. Ne4 Na5 17. Bc2 bxc3 18. bxc3 c5 19. Bd2 Nc6 20. Ng3 g6 21. h4 f5 22. Bb3 Kg7 23. Qb1 Ra7 24. h5 Bf6 25. h6+ Kf8 26. Ng5 Nd8 27. Bxd5 Bxg5 28. Bxg5 Qxd5 29. f3 Nf7 30. Be3 Qc6 31. Bf2 Ra8 32. Qb2 Nxh6 33. Rxe5 Ra5 34. Bxc5+ Kg8 35. Qe2 Rxc5 36. Re8+ Kg7 37. Qe7+ Nf7 38. Rf8 Qd5 39. c4 Qd4+ 40. Kh2 Bd5 41. cxd5 1-0

[Event "Wachtebeke-A"]
[Site "Wachtebeke"]
[Date "2024.02.12"]
[Round "5"]
[White "De Waele, Warre"]
[Black "Hauchamps, Maxime"]
[Result "1-0"]
[WhiteElo "2345"]
[BlackElo "2262"]
[PlyCount "165"]
[EventDate "2024.02.10"]
[EventType "tourn"]
[EventRounds "9"]
[EventCountry "BEL"]
[EventCategory "3"]
[SourceTitle "CB09_2024"]
[SourceDate "2024.02.28"]
[SourceVersion "1"]
[SourceVersionDate "2024.02.28"]
[SourceQuality "1"]

1. d4 d5 2. c4 c6 3. Nf3 Nf6 4. g3 g6 5. Bg2 Bg7 6. 0-0 dxc4 7. a4 Ne4 8. Nc3 Nd6 9. e4 Bg4 10. Be3 Na6 11. h3 Bxf3 12. Qxf3 Nb4 13. Qe2 a5 14. f4 Nd3 15. g4 Ra6 16. e5 Rb6 17. Rab1 Rb3 18. exd6 Qxd6 19. Ne4 Qb4 20. Nd2 Rxb2 21. Be4 Qc3 22. Bxd3 cxd3 23. Qf2 0-0 24. Rxb2 Qxb2 25. Rb1 Qa2 26. Rxb7 Qxa4 27. Nf3 Ra8 28. Qb2 Qd1+ 29. Kg2 a4 30. f5 Bf8 31. Qd2 Qe2+ 32. Qxe2 dxe2 33. Bd2 a3 34. Bc3 a2 35. Ba1 Ra3 36. Ne1 gxf5 37. gxf5 Ra5 38. Rb2 Rxf5 39. Rxa2 c5 40. Rxe2 cxd4 41. Bxd4 f6 42. Nf3 Rb5 43. Kg3 Kf7 44. Bb2 Rb4 45. Ba3 Ra4 46. Bc5 Rc4 47. Ba3 Ra4 48. Re3 Ra7 49. Bb4 Ra4 50. Bc5 Rc4 51. Ba3 Ra4 52. Nh4 Ra5 53. Rf3 Ke6 54. Kf2 Rb5 55. Re3+ Kf7 56. Ng2 Rb7 57. Kf3 Ra7 58. Bc5 Ra5 59. Bb4 Rf5+ 60. Ke2 Rb5 61. Re4 Rb7 62. Nf4 e5 63. Bxf8 Kxf8 64. Ng2 Ke7 65. Ne3 Ke6 66. Ra4 Kf7 67. Ra6 Kg7 68. Kf3 Kg6 69. Ra4 Rb1 70. Rg4+ Kf7 71. h4 Ra1 72. Ke4 Ra4+ 73. Kf5 Ra2 74. Rb4 Rf2+ 75. Kg4 Rh2 76. h5 Rh1 77. Rb7+ Kg8 78. Nd5 f5+ 79. Kg5 f4 80. Kf6 h6 81. Ke6 f3 82. Nf6+ Kf8 83. Rf7# 1-0

[Event "Ghent op 44th"]
[Site "Ghent"]
[Date "2023.07.19"]
[Round "9"]
[White "Grooten, Herman"]
[Black "De Waele, Warre"]
[Result "0-1"]
[WhiteElo "2241"]
[BlackElo "2350"]
[PlyCount "124"]
[EventDate "2023.07.11"]
[EventType "swiss"]
[EventRounds "9"]
[EventCountry "BEL"]
[SourceTitle "EXT 2024"]
[Source "ChessBase"]
[SourceDate "2023.10.10"]
[SourceVersion "1"]
[SourceVersionDate "2023.10.10"]
[SourceQuality "1"]

1. d4 d5 2. c4 e6 3. Nf3 Nf6 4. Nc3 Bb4 5. Qa4+ Nc6 6. e3 0-0 7. Bd2 dxc4 8. Bxc4 a6 9. Qc2 Bd6 10. h3 b5 11. Be2 Bb7 12. Rd1 e5 13. 0-0 Re8 14. Bc1 exd4 15. exd4 b4 16. Nb1 b3 17. axb3 Nb4 18. Qd2 Ne4 19. Qe1 a5 20. Na3 Nd5 21. Nc2 Bb4 22. Nxb4 Nxb4 23. Bc4 Nd6 24. Be3 Bxf3 25. gxf3 Qh4 26. Kh2 Nf5 27. Rd2 Rad8 28. Rg1 h6 29. Rg4 Qf6 30. Qg1 Nh4 31. Be2 Nd5 32. Rd3 Nf5 33. Kh1 Qd6 34. Bd1 Re6 35. Bd2 Rde8 36. Kg2 Nf6 37. Rf4 Nd5 38. Rg4 h5 39. Rg3 Nxg3 40. fxg3 Rg6 41. g4 Rge6 42. Qf1 Nf4+ 43. Bxf4 Qxf4 44. Qf2 Re1 45. Qd2 Qf6 46. g5 Qf5 47. h4 f6 48. Rc3 fxg5 49. hxg5 Qd7 50. f4 Qb5 51. Qd3 Qxd3 52. Rxd3 R8e3 53. Rd2 g6 54. Kf2 Re7 55. Be2 Rc1 56. d5 Kg7 57. Bf3 Rb1 58. Kg3 Re3 59. d6 cxd6 60. Kf2 Rxb3 61. Rxd6 R1xb2+ 62. Be2 Rc3 0-1

[Event "Ghent op 44th"]
[Site "Ghent"]
[Date "2023.07.12"]
[Round "2"]
[White "De Waele, Warre"]
[Black "Hausrath, Daniel"]
[Result "1/2-1/2"]
[WhiteElo "2350"]
[BlackElo "2442"]
[PlyCount "91"]
[EventDate "2023.07.11"]
[EventType "swiss"]
[EventRounds "9"]
[EventCountry "BEL"]
[SourceTitle "EXT 2024"]
[Source "ChessBase"]
[SourceDate "2023.10.10"]
[SourceVersion "1"]
[SourceVersionDate "2023.10.10"]
[SourceQuality "1"]

1. d4 d5 2. c4 e6 3. Nf3 Nf6 4. Nc3 Be7 5. Bf4 0-0 6. e3 b6 7. Bd3 Bb7 8. 0-0 Nbd7 9. cxd5 exd5 10. Ne5 Nxe5 11. dxe5 Ne4 12. Nxe4 dxe4 13. Bc4 Qc8 14. e6 fxe6 15. Qb3 Kf7 16. Rfd1 Rd8 17. Rxd8 Bxd8 18. Rd1 Be7 19. Be5 Bc6 20. Qc3 Bf6 21. Be2 Bd5 22. Bh5+ Ke7 23. f3 Qb7 24. fxe4 Bxe4 25. Qb4+ c5 26. Bd6+ Kd7 27. Bxc5+ Bd5 28. e4 a5 29. Qxb6 Qxb6 30. Bxb6 Kc6 31. exd5+ Kxb6 32. dxe6 Rc8 33. Rd2 Rc5 34. Bf3 a4 35. Kf2 Re5 36. Re2 Rxe2+ 37. Bxe2 Kc5 38. Bd1 Kd6 39. Bxa4 Kxe6 40. Bc2 h6 41. b3 Kd5 42. Ke2 Kd4 43. Bd3 Kc3 44. Bc4 Kb4 45. Kd3 Ka3 46. b4 1/2-1/2

[Event "Ghent op 44th"]
[Site "Ghent"]
[Date "2023.07.11"]
[Round "1"]
[White "Csonka, Balazs"]
[Black "De Waele, Warre"]
[Result "0-1"]
[WhiteElo "2497"]
[BlackElo "2350"]
[PlyCount "94"]
[EventDate "2023.07.11"]
[EventType "swiss"]
[EventRounds "9"]
[EventCountry "BEL"]
[SourceTitle "EXT 2024"]
[Source "ChessBase"]
[SourceDate "2023.10.10"]
[SourceVersion "1"]
[SourceVersionDate "2023.10.10"]
[SourceQuality "1"]

1. e4 e5 2. Nf3 Nc6 3. Bc4 Nf6 4. d3 Bc5 5. c3 d6 6. 0-0 a5 7. Re1 0-0 8. h3 Be6 9. Bb5 Ba7 10. Nbd2 Ne7 11. d4 Ng6 12. Ba4 Nh5 13. Nf1 Nhf4 14. Ng3 c6 15. Bc2 Qd7 16. Nf5 f6 17. N3h4 d5 18. exd5 cxd5 19. Bxf4 Nxf4 20. dxe5 fxe5 21. Rxe5 Bb8 22. Qd4 Bxe5 23. Qxe5 Ng6 24. Nxg6 hxg6 25. Nh4 Bf5 26. Bb3 Rfe8 27. Bxd5+ Kh7 28. Qd4 Rad8 29. Nxf5 Qxf5 30. c4 b5 31. Qh4+ Qh5 32. Qxh5+ gxh5 33. Bc6 Re2 34. Bxb5 Rxb2 35. a4 Rdd2 36. Rf1 h4 37. Bc6 Kh6 38. Be8 Rbc2 39. Bb5 Kg5 40. Ba6 Ra2 41. Bb5 Rdc2 42. Bd7 Kf6 43. Bb5 g5 44. g3 hxg3 45. fxg3+ Ke5 46. Rf3 Ra1+ 47. Rf1 Ra3 0-1

[Event "NED-chT 2223"]
[Site "Netherlands"]
[Date "2022.10.08"]
[Round "2.8"]
[White "De Waele, Warre"]
[Black "Miesen, Fabian"]
[Result "1/2-1/2"]
[WhiteElo "2287"]
[BlackElo "2193"]
[PlyCount "74"]
[EventDate "2022.09.17"]
[EventType "team-tourn"]
[EventRounds "9"]
[EventCountry "NED"]
[SourceTitle "CBM 213 Extra"]
[Source "ChessBase"]
[SourceDate "2023.05.31"]
[SourceVersion "1"]
[SourceVersionDate "2023.05.31"]
[SourceQuality "1"]
[WhiteTeam "Sas van Gent"]
[BlackTeam "Zuid Limburg"]
[WhiteTeamCountry "NED"]
[BlackTeamCountry "NED"]

1. Nf3 d5 2. d4 Nf6 3. c4 c6 4. Nc3 e6 5. Bg5 Nbd7 6. cxd5 exd5 7. e3 h6 8. Bh4 g5 9. Bg3 Nh5 10. Bd3 Nxg3 11. hxg3 Bg7 12. Qc2 Nb6 13. 0-0-0 Be6 14. Kb1 Qe7 15. Nd2 0-0-0 16. Nb3 Kb8 17. Nc5 Bc8 18. Ne2 h5 19. Rh2 Rh6 20. Rdh1 Rdh8 21. e4 dxe4 22. Bxe4 Qd6 23. Bf5 Bxf5 24. Qxf5 Qd5 25. Qe4 Qxe4+ 26. Nxe4 Re8 27. N4c3 Rhe6 28. Nc1 Bxd4 29. Rxh5 f6 30. Nd1 Nc4 31. Kc2 Bb6 32. Rh8 a5 33. Rxe8+ Rxe8 34. b3 Na3+ 35. Kd2 Nb1+ 36. Kc2 Na3+ 37. Kd2 Nb1+ 1/2-1/2

[Event "BEL-chT 2223"]
[Site "Belgium"]
[Date "2022.09.25"]
[Round "1.5"]
[White "De Waele, Warre"]
[Black "Ruzhansky, Elias"]
[Result "1-0"]
[WhiteElo "2295"]
[BlackElo "2106"]
[PlyCount "97"]
[EventDate "2022.09.25"]
[EventType "team-tourn"]
[EventRounds "11"]
[EventCountry "BEL"]
[SourceTitle "EXT 2024"]
[Source "ChessBase"]
[SourceDate "2023.10.10"]
[SourceVersion "1"]
[SourceVersionDate "2023.10.10"]
[SourceQuality "1"]
[WhiteTeam "KBSK Brugge"]
[BlackTeam "KGSRL"]
[WhiteTeamCountry "BEL"]
[BlackTeamCountry "BEL"]

1. d4 d5 2. c4 e6 3. Nf3 Nf6 4. Nc3 Be7 5. g3 dxc4 6. Bg2 0-0 7. Ne5 Nc6 8. Bxc6 bxc6 9. Nxc6 Qd6 10. Nxe7+ Qxe7 11. Qa4 a5 12. Qxc4 Nd5 13. Nxd5 exd5 14. Qc5 Qe6 15. Be3 Qe4 16. Kd2 Rb8 17. b3 a4 18. b4 Ba6 19. a3 Rfe8 20. Rac1 Rec8 21. f3 Qe6 22. Qc6 Rb6 23. Qxa4 Bc4 24. Rc3 Ra6 25. Qc2 Qe7 26. Ke1 Re6 27. Kf2 Re8 28. Qd2 f5 29. h4 f4 30. gxf4 Qf6 31. Qe1 Qe7 32. Qc1 Rh6 33. h5 Qf7 34. Rh4 Rxh5 35. Qh1 Rxh4 36. Qxh4 Qf5 37. Qg5 Qh3 38. Qg3 Qxg3+ 39. Kxg3 Bxe2 40. f5 Bc4 41. Bf4 c6 42. Be5 Ra8 43. Kf4 Kf7 44. Re3 Bb5 45. Rc3 Ra7 46. Kg5 Re7 47. Bxg7 Re1 48. Be5 Rg1+ 49. Kf4 1-0

[Event "BEL-chT 2122"]
[Site "Belgium"]
[Date "2022.05.01"]
[Round "5.7"]
[White "De Waele, Warre"]
[Black "Hopman, Pieter"]
[Result "1/2-1/2"]
[WhiteElo "2185"]
[BlackElo "2349"]
[PlyCount "48"]
[EventDate "2021.10.24"]
[EventType "team-tourn"]
[EventRounds "11"]
[EventCountry "BEL"]
[SourceTitle "EXT 2023"]
[Source "ChessBase"]
[SourceDate "2022.10.05"]
[SourceVersion "1"]
[SourceVersionDate "2022.10.05"]
[SourceQuality "1"]
[WhiteTeam "KBSK Brugge"]
[BlackTeam "Liege Crelel"]
[WhiteTeamCountry "BEL"]
[BlackTeamCountry "BEL"]

1. d4 Nf6 2. c4 e6 3. Nf3 Bb4+ 4. Nbd2 0-0 5. a3 Be7 6. e4 d5 7. Qc2 b6 8. Bd3 h6 9. e5 Nfd7 10. cxd5 exd5 11. Qb3 c6 12. Nf1 Re8 13. Ne3 Nf8 14. 0-0 Be6 15. Nf5 c5 16. Qc2 Nc6 17. Bb5 Bd7 18. Bxc6 Bxc6 19. dxc5 bxc5 20. Bxh6 gxh6 21. Nxh6+ Kg7 22. Nf5+ Kg8 23. Nh6+ Kg7 24. Nf5+ Kg8 1/2-1/2

[Event "Primorsko op"]
[Site "Primorsko"]
[Date "2021.09.19"]
[Round "7"]
[White "De Waele, Warre"]
[Black "Tsolov, Emil"]
[Result "1-0"]
[WhiteElo "2190"]
[BlackElo "1856"]
[PlyCount "91"]
[EventDate "2021.09.13"]
[EventType "swiss"]
[EventRounds "9"]
[EventCountry "BUL"]
[SourceTitle "CBM 204 Extra"]
[Source "ChessBase"]
[SourceDate "2021.11.30"]
[SourceVersion "1"]
[SourceVersionDate "2021.11.30"]
[SourceQuality "1"]

1. Nf3 Nf6 2. c4 e6 3. g3 d5 4. Bg2 c5 5. 0-0 Nc6 6. d4 dxc4 7. Qa4 Be7 8. Ne5 0-0 9. Nxc6 bxc6 10. dxc5 a5 11. Qxc6 Rb8 12. Qa4 Bxc5 13. Qxc4 Qb6 14. Nc3 Ba6 15. Qf4 Qa7 16. b3 Bd4 17. Bb2 e5 18. Qf5 Bxe2 19. Nxe2 Bxb2 20. Rab1 Ba3 21. Qxe5 Rfe8 22. Qd4 Bc5 23. Qb2 Ng4 24. Nf4 Bd4 25. Qd2 Rbd8 26. Nd5 Re5 27. Qf4 Nxf2 28. Rxf2 Bxf2+ 29. Qxf2 Qxf2+ 30. Kxf2 Rexd5 31. Bxd5 Rxd5 32. a3 f5 33. b4 axb4 34. axb4 Rb5 35. Ke3 Kf7 36. Kd4 Kf6 37. Kc4 Rb8 38. Kd5 g5 39. b5 f4 40. gxf4 gxf4 41. Ke4 Kg5 42. b6 h5 43. Rb2 Kg4 44. b7 h4 45. h3+ Kxh3 46. Kf3 1-0

[Event "Titled Tuesday intern op 27th July"]
[Site "Chess.com INT"]
[Date "2021.07.27"]
[Round "1"]
[White "De Waele, Warre"]
[Black "Bach, Matthias"]
[Result "1-0"]
[WhiteElo "2190"]
[BlackElo "2277"]
[PlyCount "75"]
[EventDate "2021.07.27"]
[EventType "swiss (blitz)"]
[EventRounds "11"]
[EventCountry "USA"]
[SourceTitle "CBM 203 Extra"]
[Source "ChessBase"]
[SourceDate "2021.09.30"]
[SourceVersion "1"]
[SourceVersionDate "2021.09.30"]
[SourceQuality "1"]

1. d4 Nf6 2. Nf3 c5 3. d5 d6 4. Nc3 g6 5. e4 Bg7 6. Bb5+ Bd7 7. a4 0-0 8. h3 a6 9. Be2 e5 10. 0-0 Nh5 11. Nd2 Nf4 12. Nc4 Qc7 13. Bf3 Bc8 14. Re1 Nd7 15. a5 b5 16. axb6 Nxb6 17. Nxb6 Qxb6 18. Na4 Qc7 19. c3 Rb8 20. Rb1 Bd7 21. b4 c4 22. Ra1 Nd3 23. Rf1 Bb5 24. Be3 f5 25. Qc2 f4 26. Bd2 h5 27. Nb2 Rfc8 28. Be2 f3 29. Bxf3 Nf4 30. g3 Nxh3+ 31. Kh2 Rf8 32. Qd1 Qf7 33. Kxh3 Qxf3 34. Qxf3 Rxf3 35. Kg2 Rbf8 36. Be3 Kh7 37. Nd1 Bf6 38. Kxf3 1-0

[Event "Titled Tuesday intern op 18th May"]
[Site "Chess.com INT"]
[Date "2021.05.18"]
[Round "1"]
[White "De Waele, Warre"]
[Black "Jobava, Baadur"]
[Result "0-1"]
[WhiteElo "2190"]
[BlackElo "2603"]
[PlyCount "58"]
[EventDate "2021.05.18"]
[EventType "swiss (blitz)"]
[EventRounds "11"]
[EventCountry "USA"]
[SourceTitle "CBM 202 Extra"]
[Source "ChessBase"]
[SourceDate "2021.07.31"]
[SourceVersion "1"]
[SourceVersionDate "2021.07.31"]
[SourceQuality "1"]

1. d4 d5 2. c4 c6 3. Nf3 Nf6 4. e3 Bf5 5. Nc3 e6 6. Nh4 Bg6 7. Be2 Nbd7 8. Qb3 Qc7 9. Bd2 Be7 10. Rc1 0-0 11. Nxg6 hxg6 12. 0-0 Nb6 13. Rfd1 dxc4 14. Bxc4 Nxc4 15. Qxc4 Rfd8 16. h3 Qb6 17. Na4 Qc7 18. Qc2 e5 19. dxe5 Qxe5 20. Be1 Bd6 21. g3 Qe6 22. Kg2 Qxa2 23. Bc3 Qe6 24. Bd4 Qe4+ 25. Qxe4 Nxe4 26. Ra1 Bc7 27. Rdc1 a6 28. Nb6 Bxb6 29. Bxb6 Rd2 0-1

[Event "Titled Tuesday intern op 04th May"]
[Site "Chess.com INT"]
[Date "2021.05.04"]
[Round "5"]
[White "De Waele, Warre"]
[Black "Ivanisevic, Ivan"]
[Result "0-1"]
[WhiteElo "2190"]
[BlackElo "2606"]
[PlyCount "128"]
[EventDate "2021.05.04"]
[EventType "swiss (blitz)"]
[EventRounds "11"]
[EventCountry "USA"]
[SourceTitle "CBM 202 Extra"]
[Source "ChessBase"]
[SourceDate "2021.07.31"]
[SourceVersion "1"]
[SourceVersionDate "2021.07.31"]
[SourceQuality "1"]

1. d4 Nf6 2. c4 c5 3. d5 b5 4. cxb5 a6 5. bxa6 g6 6. Nc3 Bxa6 7. e4 Qa5 8. Nf3 Nxe4 9. Bxa6 Nxc3 10. bxc3 Qxa6 11. Qe2 Bg7 12. Qxa6 Bxc3+ 13. Bd2 Bxd2+ 14. Kxd2 Nxa6 15. Kc3 Nc7 16. Rhd1 d6 17. a4 Kd7 18. Ne1 Rhb8 19. Nc2 Ra5 20. h3 Rba8 21. Kb3 Rb8+ 22. Kc3 e6 23. Ne3 exd5 24. Nxd5 Nxd5+ 25. Rxd5 Rb6 26. Rd2 Rba6 27. Kb3 Kc6 28. Rad1 Rb6+ 29. Kc3 Kd7 30. Ra2 Rb4 31. Rad2 Ra6 32. a5 Ra4 33. Rb2 R4xa5 34. Rb7+ Kc6 35. Rxf7 Ra3+ 36. Kd2 Ra2+ 37. Ke3 Ra7 38. Rf6 Re7+ 39. Kf3 Rd7 40. Ke4 Ra4+ 41. Ke3 Ra3+ 42. Ke4 Ra4+ 43. Ke3 Re7+ 44. Kf3 Rd4 45. Ra1 c4 46. Ra8 Kc5 47. Rc8+ Kb4 48. Rf4 Rxf4+ 49. Kxf4 d5 50. Rd8 Kc5 51. Rc8+ Kd4 52. g4 c3 53. h4 Kd3 54. h5 d4 55. hxg6 hxg6 56. Kg5 c2 57. f4 Kd2 58. Kf6 Re1 59. Kxg6 d3 60. f5 c1Q 61. Rxc1 Kxc1 62. f6 d2 63. f7 Rf1 64. Kg7 d1Q 0-1

[Event "Titled Tuesday intern op 04th May"]
[Site "Chess.com INT"]
[Date "2021.05.04"]
[Round "2"]
[White "De Waele, Warre"]
[Black "Schmidt, Harald"]
[Result "1-0"]
[WhiteElo "2190"]
[BlackElo "2351"]
[PlyCount "53"]
[EventDate "2021.05.04"]
[EventType "swiss (blitz)"]
[EventRounds "11"]
[EventCountry "USA"]
[SourceTitle "CBM 202 Extra"]
[Source "ChessBase"]
[SourceDate "2021.07.31"]
[SourceVersion "1"]
[SourceVersionDate "2021.07.31"]
[SourceQuality "1"]

1. c4 b6 2. d4 Bb7 3. Nc3 f5 4. a3 Nf6 5. d5 c6 6. g3 cxd5 7. cxd5 e5 8. Bg2 d6 9. Nf3 h6 10. 0-0 Be7 11. Nh4 Qd7 12. Ng6 Rg8 13. Bh3 Kf7 14. e4 Kxg6 15. Bxf5+ Qxf5 16. exf5+ Kh7 17. f4 Nbd7 18. Be3 Rac8 19. Qe2 Rge8 20. Rfd1 Nc5 21. fxe5 dxe5 22. d6 Bf8 23. Rac1 Rcd8 24. Bxc5 bxc5 25. Nb5 e4 26. Nc7 Re5 27. Ne6 1-0

[Event "Titled Tuesday intern op 04th May"]
[Site "Chess.com INT"]
[Date "2021.05.04"]
[Round "4"]
[White "Kadam, Om Manish"]
[Black "De Waele, Warre"]
[Result "0-1"]
[WhiteElo "2114"]
[BlackElo "2190"]
[PlyCount "186"]
[EventDate "2021.05.04"]
[EventType "swiss (blitz)"]
[EventRounds "11"]
[EventCountry "USA"]
[SourceTitle "CBM 202 Extra"]
[Source "ChessBase"]
[SourceDate "2021.07.31"]
[SourceVersion "1"]
[SourceVersionDate "2021.07.31"]
[SourceQuality "1"]

1. e4 e5 2. Nf3 Nc6 3. Bc4 Nf6 4. d3 Bc5 5. c3 d6 6. Nbd2 0-0 7. Nf1 d5 8. exd5 Nxd5 9. Ng3 Kh8 10. Ne4 Be7 11. 0-0 Bg4 12. h3 Bh5 13. Ng3 Bg6 14. Re1 Qd6 15. Ne4 Qd7 16. Ng3 Qd6 17. Bd2 a6 18. b4 Nb6 19. Be3 Nxc4 20. dxc4 Qe6 21. Qe2 Rad8 22. Rad1 Rxd1 23. Rxd1 Rd8 24. Rxd8+ Nxd8 25. Nd2 f5 26. f4 exf4 27. Bxf4 Qxe2 28. Nxe2 Ne6 29. Be5 Kg8 30. Nd4 Nxd4 31. Bxd4 Kf7 32. Nf3 Ke6 33. Bxg7 f4 34. Kf2 Bd3 35. c5 Bc4 36. a3 Kf5 37. Nd2 Bd5 38. Bd4 Bh4+ 39. Kf1 Be7 40. Kf2 Bh4+ 41. Kg1 Be1 42. Nf3 Bg3 43. Ne5 Ke4 44. Kf1 Bh4 45. Ke2 Bf6 46. Nf3 Be7 47. Kd2 Kf5 48. Ke2 Ke4 49. Nd2+ Kf5 50. Kf1 Bh4 51. Bf2 Be7 52. a4 Bf6 53. c4 Be6 54. Ke2 Bc3 55. b5 c6 56. bxc6 bxc6 57. Kd3 Bxd2 58. Kxd2 Bxc4 59. Kc3 Bf1 60. g3 Bxh3 61. gxf4 Kxf4 62. Kb4 Ke5 63. Ka5 Bf1 64. Kb6 Kd5 65. a5 Bb5 66. Bh4 Ke5 67. Be1 Kf4 68. Bh4 Kg4 69. Be1 h5 70. Bc3 h4 71. Be5 h3 72. Kc7 Kf3 73. Kd6 Kg2 74. Bf4 h2 75. Bxh2 Kxh2 76. Ke5 Kg2 77. Kd4 Kf3 78. Kc3 Ke4 79. Kb4 Kd5 80. Kb3 Kxc5 81. Kb2 Kb4 82. Ka1 Kxa5 83. Kb2 Kb4 84. Ka1 a5 85. Kb1 Kc3 86. Ka1 c5 87. Kb1 c4 88. Ka1 Kd2 89. Ka2 c3 90. Ka1 c2 91. Ka2 Bc4+ 92. Ka3 c1Q+ 93. Ka4 Qa1# 0-1

[Event "Titled Tuesday intern op 04th May"]
[Site "Chess.com INT"]
[Date "2021.05.04"]
[Round "3"]
[White "Rosenberg, Evan"]
[Black "De Waele, Warre"]
[Result "0-1"]
[WhiteElo "2125"]
[BlackElo "2190"]
[PlyCount "66"]
[EventDate "2021.05.04"]
[EventType "swiss (blitz)"]
[EventRounds "11"]
[EventCountry "USA"]
[SourceTitle "CBM 202 Extra"]
[Source "ChessBase"]
[SourceDate "2021.07.31"]
[SourceVersion "1"]
[SourceVersionDate "2021.07.31"]
[SourceQuality "1"]

1. Nf3 d5 2. c4 c6 3. d4 Nf6 4. Nc3 e6 5. Bg5 Nbd7 6. e3 Be7 7. Qc2 0-0 8. Rd1 a6 9. a3 h6 10. Bf4 dxc4 11. Bxc4 b5 12. Ba2 c5 13. Bb1 Bb7 14. 0-0 cxd4 15. Nxd4 e5 16. Bxh6 exd4 17. Bxg7 Kxg7 18. Rxd4 Rh8 19. Rfd1 Qc7 20. g3 Ne5 21. Qf5 Nf3+ 22. Kf1 Nxd4 23. Qg5+ Kf8 24. Rxd4 Rxh2 25. Ke2 Rd8 26. Rf4 Qd6 27. Rd4 Qe6 28. Ba2 Qh3 29. Rh4 Qg2 30. Qh6+ Ke8 31. Qh8+ Bf8 32. Rxh2 Bf3+ 33. Ke1 Qg1# 0-1

[Event "Online Olym Div2 A"]
[Site "Chess.com INT"]
[Date "2020.08.14"]
[Round "3.5"]
[White "De Waele, Warre"]
[Black "Mohammad Fahad, Rahman"]
[Result "1-0"]
[WhiteElo "2217"]
[BlackElo "2319"]
[PlyCount "109"]
[EventDate "2020.08.14"]
[EventType "team-tourn (rapid)"]
[EventRounds "9"]
[EventCountry "USA"]
[SourceTitle "CBM 198"]
[Source "ChessBase"]
[SourceDate "2020.10.31"]
[SourceVersion "1"]
[SourceVersionDate "2020.10.31"]
[SourceQuality "1"]
[WhiteTeam "Belgium"]
[BlackTeam "Bangladesh"]
[WhiteTeamCountry "BEL"]
[BlackTeamCountry "BAN"]

1. Nf3 Nf6 2. c4 c6 3. d4 d5 4. e3 e6 5. b3 Nbd7 6. Bb2 Bd6 7. Bd3 0-0 8. 0-0 Re8 9. Ne5 Qc7 10. f4 Ne4 11. Bxe4 dxe4 12. Nd2 f5 13. g4 Nf6 14. gxf5 exf5 15. Kh1 Be6 16. Rg1 Bxe5 17. fxe5 Ng4 18. Qe2 Qe7 19. Raf1 Rad8 20. Rg3 h5 21. h3 Qh4 22. Kg2 Rf8 23. hxg4 hxg4 24. Ba3 Rf7 25. Qf2 Qg5 26. Bd6 g6 27. Qf4 Qxf4 28. exf4 Kg7 29. Nb1 g5 30. Nc3 Kg6 31. d5 cxd5 32. cxd5 Bc8 33. e6 Rh7 34. Be5 b5 35. b4 a6 36. fxg5 Kxg5 37. Bf4+ Kg6 38. Rd1 Rdh8 39. Ne2 Rh2+ 40. Kf1 Rh1+ 41. Rg1 R1h3 42. Be5 Rf3+ 43. Ke1 Rhh3 44. Nf4+ Kg5 45. Nxh3+ Rxh3 46. Rc1 Bb7 47. e7 Re3+ 48. Kf2 Rf3+ 49. Ke2 Bxd5 50. e8Q e3 51. Qe7+ Kg6 52. Qf6+ Kh5 53. Rh1+ Rh3 54. Rxh3+ gxh3 55. Qxf5+ 1-0

[Event "Titled Tuesday intern op 11th Aug"]
[Site "Chess.com INT"]
[Date "2020.08.11"]
[Round "4"]
[White "Antonio, Jorge Carlos"]
[Black "De Waele, Warre"]
[Result "0-1"]
[WhiteElo "2277"]
[BlackElo "2238"]
[PlyCount "90"]
[EventDate "2020.08.11"]
[EventType "swiss (blitz)"]
[EventRounds "10"]
[EventCountry "USA"]
[SourceTitle "CBM 197 Extra"]
[Source "ChessBase"]
[SourceDate "2020.09.30"]
[SourceVersion "1"]
[SourceVersionDate "2020.09.30"]
[SourceQuality "1"]

1. d4 Nf6 2. Nf3 d5 3. Bf4 c5 4. e3 Nc6 5. c3 Qb6 6. Qb3 c4 7. Qxb6 axb6 8. Nbd2 Bf5 9. Nh4 Bd7 10. Nhf3 h6 11. Be2 Bf5 12. 0-0 e6 13. Ne5 b5 14. Nxc6 bxc6 15. b3 Ba3 16. bxc4 bxc4 17. Bxc4 dxc4 18. Nxc4 Bd3 19. Nb6 Ra6 20. Rfd1 Be2 21. Rd2 Rxb6 22. Rxe2 Kd7 23. c4 Ra8 24. Rd2 Rb7 25. Rd3 Bd6 26. Bxd6 Kxd6 27. h3 Rb2 28. a3 Ra4 29. c5+ Kd5 30. Rc1 Ra8 31. f3 e5 32. e4+ Ke6 33. dxe5 Kxe5 34. Rd6 Rxa3 35. Rxc6 Raa2 36. Rc7 Rxg2+ 37. Kh1 Rh2+ 38. Kg1 Rag2+ 39. Kf1 Rd2 40. Kg1 Nh5 41. Rxf7 Rdg2+ 42. Kf1 Ng3+ 43. Ke1 Re2+ 44. Kd1 Rd2+ 45. Ke1 Rhe2# 0-1

[Event "Titled Tuesday intern op 11th Aug"]
[Site "Chess.com INT"]
[Date "2020.08.11"]
[Round "1"]
[White "Bommini, Mounika Akshaya"]
[Black "De Waele, Warre"]
[Result "0-1"]
[WhiteElo "2029"]
[BlackElo "2238"]
[PlyCount "120"]
[EventDate "2020.08.11"]
[EventType "swiss (blitz)"]
[EventRounds "10"]
[EventCountry "USA"]
[SourceTitle "CBM 197 Extra"]
[Source "ChessBase"]
[SourceDate "2020.09.30"]
[SourceVersion "1"]
[SourceVersionDate "2020.09.30"]
[SourceQuality "1"]

1. d4 Nf6 2. c4 e6 3. Nc3 Bb4 4. f3 d5 5. cxd5 exd5 6. e3 0-0 7. Bd3 c5 8. a3 Bxc3+ 9. bxc3 Re8 10. Ne2 b6 11. 0-0 Ba6 12. Ng3 Bxd3 13. Qxd3 Nc6 14. a4 Rc8 15. Bb2 h5 16. Nf5 g6 17. Ng3 Na5 18. e4 h4 19. Ne2 dxe4 20. fxe4 Nxe4 21. Qf3 f5 22. Bc1 cxd4 23. cxd4 Qd5 24. Kh1 Kg7 25. Bf4 Nc4 26. Qh3 g5 27. Bxg5 Nxg5 28. Qxh4 Ne4 29. Nf4 Qd8 30. Nh5+ Kg8 31. Qf4 Qg5 32. Qxg5+ Nxg5 33. Nf6+ Kg7 34. Nxe8+ Rxe8 35. Rxf5 Kg6 36. Rf4 Re2 37. Raf1 Ne3 38. Rg1 Nf5 39. h4 Ne6 40. Rg4+ Kh5 41. Rg8 Nfxd4 42. Rf1 Re4 43. g3 Rg4 44. Rh8+ Kg6 45. Rg8+ Kh5 46. Rh8+ Kg6 47. Rg8+ Ng7 48. h5+ Kxh5 49. Kg2 Ndf5 50. Rh1+ Kg6 51. Kf2 Rxa4 52. Rf8 Ra2+ 53. Kf3 Ra3+ 54. Kf4 Ra4+ 55. Ke5 Rg4 56. Rf6+ Kg5 57. Rh7 Rxg3 58. Rf7 Re3+ 59. Kd5 Kg6 60. Re7 Rxe7 0-1